00189nam a2200073Ia 4500082000800000245003000008100003600038008004100074 aHEI 0aErfgename van die liefde  a HEINE, Mike Pretoria, 1994 210817s9999 xx 000 0 und d